Unit operations of chemical engineering (Record no. 3799)

000 -LEADER
fixed length control field 00652nam a2200241 a 4500
001 - CONTROL NUMBER
control field 3799
003 - CONTROL NUMBER IDENTIFIER
control field BD-DhUET
008 - FIXED-LENGTH DATA ELEMENTS--GENERAL INFORMATION
fixed length control field 850523s1985 nyua b 001 0 eng
020 ## - INTERNATIONAL STANDARD BOOK NUMBER
International Standard Book Number 0070448280
040 ## - CATALOGING SOURCE
Modifying agency BD-DhUET
Transcribing agency 0
082 0# - DEWEY DECIMAL CLASSIFICATION NUMBER
Classification number 660.2842
Item number MCC/1985
100 1# - MAIN ENTRY--PERSONAL NAME
Personal name McCabe, Warren L.
245 10 - TITLE STATEMENT
Title Unit operations of chemical engineering
250 ## - EDITION STATEMENT
Edition statement 4th ed.
260 ## - PUBLICATION, DISTRIBUTION, ETC. (IMPRINT)
Place of publication, distribution, etc. New York
Name of publisher, distributor, etc. McGraw-Hill
Date of publication, distribution, etc. 1985
300 ## - PHYSICAL DESCRIPTION
Extent x, 960 p.
Other physical details ill.
Dimensions 25 cm.
490 1# - SERIES STATEMENT
Series statement McGraw-Hill chemical engineering series
504 ## - BIBLIOGRAPHY, ETC. NOTE
Bibliography, etc Includes bibliographies
650 #0 - SUBJECT ADDED ENTRY--TOPICAL TERM
Topical term or geographic name as entry element Chemical Processer
700 1# - ADDED ENTRY--PERSONAL NAME
Personal name Smith, Julian C.
700 1# - ADDED ENTRY--PERSONAL NAME
Personal name Harriott, Peter.
942 ## - ADDED ENTRY ELEMENTS (KOHA)
Koha item type General Book
Holdings
Withdrawn status Not for loan Source of classification or shelving scheme Koha item type Sublocation or collection (holding branch) Price effective from Location (home branch) Date acquired Lost status Koha issues (times borrowed) Piece designation (barcode) Koha full call number Koha date last borrowed Copy number Shelving location Damaged status Koha date last seen Koha normalized classification for sorting
   General BookCentral Library, BUET2014-11-05Central Library, BUET2014-11-05  72739660.2842/MCC/1985 1Circulation section 2016-10-23660_000000000000000_2842MCC198
   General BookCentral Library, BUET2014-11-05Central Library, BUET2014-11-05  77549660.2842/MCC/1985 2Circulation section 2014-11-05660_000000000000000_2842MCC198
   General BookCentral Library, BUET2014-11-05Central Library, BUET2014-11-05 277550660.2842/MCC/19852018-11-143Circulation section 2018-12-04660_000000000000000_2842MCC198
   Reading ItemCentral Library, BUET2015-07-01Central Library, BUET2015-07-01  68731660.2842/MCC/1985 4Reading section 2015-07-01660_284200000000000_MCC_1985
   Rental ItemCentral Library, BUET2024-11-25Central Library, BUET1989-06-27  73910660.2842 MCC/1985 ৪/ক-১Rental section 2024-11-25660_284200000000000_MCC_1985
   Rental ItemCentral Library, BUET2024-11-25Central Library, BUET1989-06-27  73911660.2842 MCC/1985 ৪/ক-২Rental section 2024-11-25660_284200000000000_MCC_1985
   Rental ItemCentral Library, BUET2024-11-25Central Library, BUET1989-06-27  73912660.2842 MCC/1985 ৪/ক-৩Rental section 2024-11-25660_284200000000000_MCC_1985
   Rental ItemCentral Library, BUET2024-11-25Central Library, BUET1989-06-27  73913660.2842 MCC/1985 ৪/ক-৪Rental section 2024-11-25660_284200000000000_MCC_1985
   Rental ItemCentral Library, BUET2024-11-25Central Library, BUET1989-06-27  73914660.2842 MCC/1985 ৪/ক-৫Rental section 2024-11-25660_284200000000000_MCC_1985
   Rental ItemCentral Library, BUET2024-11-25Central Library, BUET1989-06-27  73915660.2842 MCC/1985 ৪/ক-৬Rental section 2024-11-25660_284200000000000_MCC_1985
   Rental ItemCentral Library, BUET2024-11-25Central Library, BUET1989-06-27  73916660.2842 MCC/1985 ৪/ক-৭Rental section 2024-11-25660_284200000000000_MCC_1985
   Rental ItemCentral Library, BUET2024-11-25Central Library, BUET1989-06-27  73917660.2842 MCC/1985 ৪/ক-৮Rental section 2024-11-25660_284200000000000_MCC_1985
   Rental ItemCentral Library, BUET2024-11-25Central Library, BUET1989-06-27  73918660.2842 MCC/1985 ৪/ক-৯Rental section 2024-11-25660_284200000000000_MCC_1985
   Rental ItemCentral Library, BUET2024-11-25Central Library, BUET1989-06-27  73919660.2842 MCC/1985 ৪/ক-১০Rental section 2024-11-25660_284200000000000_MCC_1985
   Rental ItemCentral Library, BUET2024-11-25Central Library, BUET1989-06-27  73934660.2842 MCC/1985 ৪/ক-২৫Rental section 2024-11-25660_284200000000000_MCC_1985
   Rental ItemCentral Library, BUET2024-11-25Central Library, BUET1989-06-27  73935660.2842 MCC/1985 ৪/ক-২৬Rental section 2024-11-25660_284200000000000_MCC_1985